Statistics for Bács-Kiskun megye települései

Click here to take the quiz!

General Stats

  • This quiz has been taken 3 times
  • The average score is 25 of 119

Answer Stats

Válaszok% Correct
Bácsalmás
100%
Baja
100%
Kalocsa
100%
Kecskemét
100%
Kiskunfélegyháza
100%
Kiskunmajsa
100%
Bácsbokod
67%
Harta
67%
Jakabszállás
67%
Jánoshalma
67%
Kecel
67%
Kerekegyháza
67%
Kiskunhalas
67%
Kunszentmiklós
67%
Lajosmizse
67%
Lakitelek
67%
Nyárlőrinc
67%
Tiszakécske
67%
Tiszaug
67%
Ágasegyháza
33%
Bácsborsód
33%
Ballószög
33%
Balotaszállás
33%
Bócsa
33%
Bugac
33%
Csólyospálos
33%
Dunavecse
33%
Fülöpháza
33%
Fülöpszállás
33%
Hajós
33%
Helvécia
33%
Izsák
33%
Jászszentlászló
33%
Kaskantyú
33%
Kelebia
33%
Kiskőrös
33%
Kunadacs
33%
Kunbaracs
33%
Kunszállás
33%
Ladánybene
33%
Petőfiszállás
33%
Solt
33%
Soltvadkert
33%
Szabadszállás
33%
Szank
33%
Szentkirály
33%
Tass
33%
Tázlár
33%
Tompa
33%
Városföld
33%
Akasztó
0%
Apostag
0%
Bácsszentgyörgy
0%
Bácsszőlős
0%
Bátmonostor
0%
Bátya
0%
Borota
0%
Bugacpusztaháza
0%
Császártöltés
0%
Csátalja
0%
Csávoly
0%
Csengőd
0%
Csikéria
0%
Dávod
0%
Drágszél
0%
Dunaegyháza
0%
Dunafalva
0%
Dunapataj
0%
Dunaszentbenedek
0%
Dunatetétlen
0%
Dusnok
0%
Érsekcsanád
0%
Érsekhalma
0%
Fajsz
0%
Felsőlajos
0%
Felsőszentiván
0%
Foktő
0%
Fülöpjakab
0%
Gara
0%
Gátér
0%
Géderlak
0%
Harkakötöny
0%
Hercegszántó
0%
Homokmégy
0%
Imrehegy
0%
Katymár
0%
Kéleshalom
0%
Kisszállás
0%
Kömpöc
0%
Kunbaja
0%
Kunfehértó
0%
Kunpeszér
0%
Madaras
0%
Mátételke
0%
Mélykút
0%
Miske
0%
Móricgát
0%
Nagybaracska
0%
Nemesnádudvar
0%
Ordas
0%
Öregcsertő
0%
Orgovány
0%
Páhi
0%
Pálmonostora
0%
Pirtó
0%
Rém
0%
Soltszentimre
0%
Sükösd
0%
Szakmár
0%
Szalkszentmárton
0%
Szeremle
0%
Tabdi
0%
Tataháza
0%
Tiszaalpár
0%
Újsolt
0%
Újtelek
0%
Uszód
0%
Vaskút
0%
Zsana
0%

Score Distribution

Percentile by Number Answered

Percent of People with Each Score

Your Score History

You have not taken this quiz